000 01052nam a2200193 a 4500
005 20260322212038.0
008 data
099 _aDVD PH 28
100 1 _aPřez, Beto
245 1 0 _aZumba gold :
_blive it up.
_cBeto Přez & Joy Prouty.
260 _aHallandale, Fla. :
_bZumba fitness,
_c2012.
300 _aDVD video 3 videodiscs (133 min.);
_b4 3/4".
500 _aTitle from container./ Participants: Instructors: Joy Prouty, Beto Perez
520 _aZumba Gold targets the largest growing segment of the population: baby boomers. It takes the Zumba formula and modifies the moves and pacing to suit the needs of the active older participant, as well as those just starting their journey to a fit and healthy lifestyle. What stays the same are all the elements the Zumba Fitness-Party is known for: the zesty Latin music, like salsa, merengue, cumbia and reggaeton; the exhilarating, easy-to-follow moves; and the invigorating, party-like atmosphere.
650 0 _aAerobic dancing
650 0 _aExercise therapy
700 1 _aProuty, Joy
001 data
999 _c886
_d886